España-Magreb, siglo XXI (Record no. 11476)

MARC details
000 -LEADER
campo de control de longitud fija 00948nam a2200289 i 4500
001 - NÚMERO DE CONTROL
campo de control 11476
003 - IDENTIFICADOR DE NÚMERO DE CONTROL
campo de control ES-MaACL
005 - FECHA Y HORA DE LA ÚLTIMA TRANSACCIÓN
campo de control 20230906150117.0
007 - CAMPO FIJO DE DESCRIPCIÓN FÍSICA--INFORMACIÓN GENERAL
campo de control de longitud fija t|
008 - DATOS DE LONGITUD FIJA--INFORMACIÓN GENERAL
campo de control de longitud fija 930707s1992 sp |||| | spa j
020 ## - NÚMERO INTERNACIONAL ESTÁNDAR DEL LIBRO
Número Internacional Estándar del Libro 84-7100-307-4
080 ## - NÚMERO DE LA CLASIFICACIÓN DECIMAL UNIVERSAL
Número de la Clasificación Decimal Universal 008(460:6-17)"19"
080 ## - NÚMERO DE LA CLASIFICACIÓN DECIMAL UNIVERSAL
Número de la Clasificación Decimal Universal 008(6-17)"19"
245 00 - MENCIÓN DEL TÍTULO
Título España-Magreb, siglo XXI
Resto del título : el porvenir de una vecindad /
Mención de responsabilidad, etc. Bernabé López García (coordinador) ; Abdelkrim Belguendouz ... [et al.].
260 ## - PUBLICACIÓN, DISTRIBUCIÓN, ETC.
Lugar de publicación, distribución, etc. Madrid :
Nombre del editor, distribuidor, etc. MAPFRE,
Fecha de publicación, distribución, etc. D.L. 1992.
300 ## - DESCRIPCIÓN FÍSICA
Extensión 378 p. :
Otras características físicas map. ;
Dimensiones 23 cm.
490 1# - MENCIÓN DE SERIE
Mención de serie El Magreb ;
Designación de volumen o secuencia 4
504 ## - NOTA DE BIBLIOGRAFÍA, ETC.
Nota de bibliografía, etc. Bibliografía.
651 #4 - PUNTO DE ACCESO ADICIONAL DE MATERIA--NOMBRE GEOGRÁFICO
Nombre geográfico Magreb-
Subdivisión general Relaciones-
Subdivisión geográfica España.
9 (RLIN) 154083
651 #4 - PUNTO DE ACCESO ADICIONAL DE MATERIA--NOMBRE GEOGRÁFICO
Nombre geográfico Magreb-
Subdivisión general Civilización.
9 (RLIN) 9085
651 #4 - PUNTO DE ACCESO ADICIONAL DE MATERIA--NOMBRE GEOGRÁFICO
Nombre geográfico España-
Subdivisión general Relaciones-
Subdivisión geográfica Magreb.
9 (RLIN) 154082
700 1# - ENTRADA AGREGADA--NOMBRE PERSONAL
Nombre de persona López García, Bernabé.
9 (RLIN) 73658
700 1# - ENTRADA AGREGADA--NOMBRE PERSONAL
Nombre de persona Belguendouz, Abdelkrim.
9 (RLIN) 27160
830 0# - PUNTO DE ACCESO ADICIONAL DE SERIE-TÍTULO UNIFORME
Título uniforme El Magreb ;
Designación de volumen o secuencia 4
9 (RLIN) 179117
852 ## - LOCALIZACIÓN
Ubicación ES-MaACL
Número de control de estantería L-18801
Holdings
Estatus retirado Estado de pérdida Estado de daño No para préstamo Biblioteca de origen Biblioteca actual Ubicación en estantería Fecha de adquisición Fuente de adquisición Total de préstamos Signatura topográfica completa Código de barras Visto por última vez Precio de reemplazo Tipo de ítem Koha
        Biblioteca del Ateneo de Madrid Biblioteca del Ateneo de Madrid Depósito 2 17/01/2008     L-18801 1011699 23/02/2023 23/02/2023 Libro impreso